| 000 | 02475nam0a2200445 4500 | ||
|---|---|---|---|
| 001 | RU\NLR\bibl\933923 | ||
| 005 | 20260407104341.0 | ||
| 010 |
_a5-7844-0132-7 _9500 |
||
| 021 |
_aRU _b2006-12061 _9589 |
||
| 021 |
_aRU _b2007-56513 _93004 |
||
| 035 | _a(NLR Aleph) 000922128 | ||
| 090 |
_a106523 _c106523 |
||
| 100 | _a20060417d2005 |||y0rusy50 ca | ||
| 101 | 0 |
_arus _deng _erus _eeng |
|
| 102 | _aRU | ||
| 105 | _aab ||||||||| | ||
| 200 | 1 |
_aЭкологические индикаторы качества роста региональной экономики _dQuality of growth indicators for regional economies _f[А.М. Аникина, В.С. Багова, В.С. Брезгин и др.] _gпод ред.: д.э.н., проф. И.П. Глазыриной, д.э.н., проф. И.М. Потравного _gИн-т природ. ресурсов, экологии и криологии Сиб. отд-ния РАН, Нац. информ. агентство "Природ. ресурсы" _zeng |
|
| 210 |
_aМосква _cНИА-Природа _d2005 |
||
| 215 |
_a305 с., [6] с. цв. ил., карт. _cил. _d20 |
||
| 300 | _aАвт. также на англ. яз.: A.M. Anikina, V.Z. Bagova, V.S. Brezgin [et al.] | ||
| 300 | _aАвт. указаны на обороте тит. л. | ||
| 300 | _aРез. на англ. яз. | ||
| 320 | _aБиблиогр.: с. 286-305 | ||
| 510 | 0 |
_6z77790 _aQuality of growth indicators for regional economies _zeng |
|
| 606 | 1 |
_aРегиональная экономика _91345863 _3RU\NLR\auth\66246643 |
|
| 606 | 1 |
_aОкружающая среда _xОхрана _9963281 _3RU\NLR\auth\6641170 |
|
| 686 | _aУ04(0)9 | ||
| 686 | _aУ28(0) | ||
| 701 | 1 |
_4070 _8rus _7ca _aАникина _bА.М. _gАнна Михайловна _3RU\NLR\AUTH\7738170 _921157 |
|
| 701 | 1 |
_4070 _8rus _7ca _aБагова _bВ. З. _3RU\NLR\AUTH\7738181 _921168 |
|
| 701 | 1 |
_4070 _8rus _7ca _aБрезгин _bВ.С. _gВячеслав Сергеевич _3RU\NLR\AUTH\7738174 _921161 |
|
| 702 | 1 |
_aГлазырина _bИ. П. _gИрина Петровна _4340 |
|
| 712 | 0 | 2 |
_4570 _aИнститут природных ресурсов, экологии и криологии _cЧита _3RU\NLR\AUTH\8810059818 _9620953 |
| 790 | 1 |
_4070 _8rus _7ba _aAnikina _bA.M. _gAnna Michajlovna _3RU\NLR\AUTH\7738171 _921158 |
|
| 801 | 0 |
_aRU _bNLR _c20060417 _grcr |
|
| 801 | 1 |
_aRU _bNLR _c20060417 |
|
| 942 | _cBOOK | ||
| 980 | _aNB | ||